Paradox / Douglas Preston & Aletheia Preston.
Available copies
- 0 of 2 copies available at LARL/NWRL Consortium.
- 0 of 2 copies available at Lake Agassiz Regional Library. (Show preferred library)
Current holds
9 current holds with 2 total copies.
Show All Copies
| Location | Call Number / Copy Notes | Barcode | Shelving Location | Status | Due Date |
|---|---|---|---|---|---|
Record details
- ISBN: 9781250413901
- ISBN: 1250413907
- Physical Description: 340 pages ; 25 cm.
- Edition: First edition.
- Publisher: New York : Forge, Tor Publishing Group, 2026.
- Copyright: ©2026
Content descriptions
| Summary, etc.: | "One of the holiest relics in Christendom, ... Read More |
Search for related items by subject
| Genre: | Detective and mystery fiction. Thrillers (Fiction) Novels. |
Search for related items by series
| LDR | 03549cam a22006858i 4500 | ||
|---|---|---|---|
| 001 | 472570 | ||
| 003 | LARL_NWRL_CONSORTIUM | ||
| 005 | 20260424163009.0 | ||
| 008 | 260220t20262026nyu 000 1 eng | ||
| 010 | . | ‡a 2026005532 | |
| 040 | . | ‡aDLC ‡beng ‡erda ‡cDLC ‡dBDX ‡dIG# ‡dDYJ ‡dMJ8 ‡dTP7 ‡dYDX ‡dOCLCO ‡dZGW ‡dKCP ‡dMWD ‡dIDW ‡dJQM ‡dSDD ‡dIMT ‡dZGR | |
| 019 | . | ‡a1579853285 ‡a1582454559 | |
| 020 | . | ‡a9781250413901 ‡q(hardcover) | |
| 020 | . | ‡a1250413907 ‡q(hardcover) | |
| 020 | . | ‡z9781250413918 ‡q(ebook) | |
| 035 | . | ‡a(OCoLC)1513897999 ‡z(OCoLC)1579853285 ‡z(OCoLC)1582454559 | |
| 042 | . | ‡apcc | |
| 082 | 0 | 4. | ‡a813/.54 ‡223 |
| 100 | 1 | . | ‡aPreston, Douglas J., ‡eauthor. ‡0(LARL_NWRL_CONSORTIUM)89267 |
| 245 | 1 | 0. | ‡aParadox / ‡cDouglas Preston & Aletheia Preston. |
| 250 | . | ‡aFirst edition. | |
| 264 | 1. | ‡aNew York : ‡bForge, Tor Publishing Group, ‡c2026. | |
| 264 | 4. | ‡c©2026 | |
| 300 | . | ‡a340 pages ; ‡c25 cm. | |
| 336 | . | ‡atext ‡btxt ‡2rdacontent | |
| 337 | . | ‡aunmediated ‡bn ‡2rdamedia | |
| 338 | . | ‡avolume ‡bnc ‡2rdacarrier | |
| 490 | 0 | . | ‡aCash & Colcord ; ‡v2 |
| 520 | . | ‡a"One of the holiest relics in Christendom, inexplicably defaced... A paranoid old prospector, ritualistically murdered... A controversial exobiologist, tortured and dismembered... When a reclusive man is found dead under grisly circumstances in the Colorado wilderness, CBI Agent Frankie Cash and Eagle County Sheriff Jim Colcord, whom we met in the New York Times bestseller, Extinction, team up again on their most enigmatic and dangerous case yet. Their investigation uncovers a trail of bizarre killings, baffling money transfers, and a fanatical secret society. And all the while, the resurrected Neanderthals, who vanished into the Colorado mountains, seem to be biding their time for something... spectacular" -- ‡cProvided by publisher. | |
| 610 | 2 | 0. | ‡aColorado Bureau of Investigation ‡xOfficials and employees ‡vFiction. |
| 650 | 0. | ‡aMurder ‡xInvestigation ‡vFiction. ‡0(LARL_NWRL_CONSORTIUM)166203 | |
| 650 | 0. | ‡aSecret societies ‡vFiction. ‡0(LARL_NWRL_CONSORTIUM)167312 | |
| 650 | 0. | ‡aHuman-Neanderthal encounters ‡vFiction. | |
| 651 | 0. | ‡aColorado ‡vFiction. ‡0(LARL_NWRL_CONSORTIUM)164053 | |
| 650 | 7. | ‡aFICTION / Thrillers / Technological. ‡2bisacsh | |
| 650 | 7. | ‡aFICTION / Mystery & Detective / Police Procedural. ‡2bisacsh | |
| 650 | 7. | ‡aFICTION / Science Fiction / Crime & Mystery. ‡2bisacsh | |
| 650 | 7. | ‡aHomicide ‡vFiction. ‡2sears | |
| 650 | 7. | ‡aSecret societies ‡vFiction. ‡2sears ‡0(LARL_NWRL_CONSORTIUM)167312 | |
| 650 | 7. | ‡aHermits ‡vFiction. ‡2sears | |
| 650 | 7. | ‡aNeanderthals ‡vFiction. ‡2sears | |
| 650 | 7. | ‡aUnidentified flying objects ‡vFiction. ‡2sears | |
| 655 | 7. | ‡aDetective and mystery fiction. ‡2lcgft | |
| 655 | 7. | ‡aThrillers (Fiction) ‡2lcgft | |
| 655 | 7. | ‡aNovels. ‡2lcgft | |
| 700 | 1 | . | ‡aPreston, Aletheia, ‡eauthor. ‡4http://id.loc.gov/vocabulary/relators/aut ‡1http://id.loc.gov/rwo/agents/n2026506545 |
| 758 | . | ‡1http://id.loc.gov/resources/instances/in00024478920 | |
| 758 | . | ‡4http://id.loc.gov/ontologies/bibframe/instanceOf ‡1http://id.loc.gov/resources/works/in00024478920 | |
| 884 | . | ‡aDLC bibframe2marc v3.1-dev ‡g20260220 ‡qDLC ‡uhttps://github.com/lcnetdev/bibframe2marc/tree/v3.1-dev | |
| 901 | . | ‡a472570 ‡bOCoLC ‡c472570 ‡tbiblio ‡soclc | |

Add to basket
Permalink
Disable Highlighting